Southville International School and Colleges
Your cart is empty.
  • Cart
  • Lists
    Public lists list_1 View all
    Your lists Log in to create your own lists
  • Log in to your account
  • Your cookies
  • Search history
Southville International School and Colleges
  • Advanced search
  • Recent comments
  • Most popular
  • Libraries

Log in to your account

Log in with GOOGLE


If you do not have an external account, but do have a local account, you can still log in:

  1. Home
  2. MARC view: Puss in boots and other tales (The story) /
Normal view MARC view ISBD view

Puss in boots and other tales (The story) / (Record no. 112065)

[ view plain ]
MARC details
000 -LEADER
fixed length control field 00614nam a2200217 a 4500
001 - CONTROL NUMBER
control field 1707
005 - DATE AND TIME OF LATEST TRANSACTION
control field 20140414131927.0
008 - FIXED-LENGTH DATA ELEMENTS--GENERAL INFORMATION
fixed length control field 001113s19uu xx 00 eng d
020 ## - INTERNATIONAL STANDARD BOOK NUMBER
International Standard Book Number 2-921171-36-8
050 ## - LIBRARY OF CONGRESS CALL NUMBER
Classification number ER
Item number P96
100 ## - MAIN ENTRY--PERSONAL NAME
Personal name Holeinone, Peter
245 ## - TITLE STATEMENT
Title Puss in boots and other tales (The story) /
Statement of responsibility, etc text by Peter Holeione; illustrated by Tony Wolf.
260 ## - PUBLICATION, DISTRIBUTION, ETC. (IMPRINT)
Place of publication, distribution, etc Montreal, Canada :
Name of publisher, distributor, etc Tormont,
Date of publication, distribution, etc [n.d.]
300 ## - PHYSICAL DESCRIPTION
Extent 55 p. : ill. ; cm.
440 ## - SERIES STATEMENT/ADDED ENTRY--TITLE
Title Great Fairy Tale Classics
650 ## - SUBJECT ADDED ENTRY--TOPICAL TERM
Topical term or geographic name as entry element Fairy tales.
650 ## - SUBJECT ADDED ENTRY--TOPICAL TERM
Topical term or geographic name as entry element Children stories.
Holdings
Withdrawn status Lost status Damaged status Use restrictions Home library Current library Shelving location Date acquired Source of acquisition Total Checkouts Full call number Barcode Date last seen Price effective from Koha item type
        Munich Library Munich Library Easy Reading Section 12/29/2004     ER P96 M3078 04/14/2014 04/14/2014 Books
        Munich Library Munich Library Easy Reading Section 12/29/2004     ER P96 M3061 04/14/2014 04/14/2014 Books
        Munich Library Munich Library Easy Reading Section 05/26/2005     ER P96 M3060 04/14/2014 04/14/2014 Books

Puss in boots and other tales (The story) /

APA

Holeinone P., .Puss in boots and other tales (The story). Montreal, Canada: Tormont.

Chicago

Holeinone Peter, .Puss in boots and other tales (The story). Montreal, Canada: Tormont.

Harvard

Holeinone P., .Puss in boots and other tales (The story). Montreal, Canada: Tormont.

MLA

Holeinone Peter, .Montreal, Canada: Tormont. .

  • Place hold
  • Print
  • Cite
  • Add to your cart (remove)
  • Save record
    BIBTEX Dublin Core MARCXML MARC (non-Unicode/MARC-8) MARC (Unicode/UTF-8) MARC (Unicode/UTF-8, Standard) MODS (XML) RIS
  • More searches
    Search for this title in:
    Other Libraries (WorldCat) Other Databases (Google Scholar) Online Stores (Bookfinder.com) Open Library (openlibrary.org)

Exporting to Dublin Core...

SOUTHVILLE LIBRARY

Southville International School and Colleges Library

1281 Tropical Ave. Cor. Luxembourg St., BF Homes International, Las Pinas City

Tel. No. 8256374 / 252358 Loc. 117/146

Powered by Koha